Croatia articles in English

Bibliographic Details
Format: Book
Language:English
Published: London : Mondaq Business Briefing, 2012
Online Access:http://vlex.com/source/4878

MARC

LEADER 00000nam a22000007a 4500
005 20130111134827.0
007 cr|||| ||||
008 130111c2012 -uk||||| |||| 00| 0 eng d
035 |a 4878 
040 |a vLex 
090 |c 3503  |d 3503 
245 |a Croatia articles in English  |h [Recurso electrn̤ico] 
256 |6 Servicio en ln̕ea 
260 |a London :  |b Mondaq Business Briefing,  |c 2012 
300 |a 1 Recurso electrn̤ico 
650 |2 Legislacin̤ 
740 |a vLex Revistas (Servicio en ln̕ea) 
856 |u http://vlex.com/source/4878  |a Acceso restringido 
942 |c REV 
999 0 |a Law